000
00345nam a2200145Ia 4500
008
090124s9999 xx 000 0 und d
082
_b
301768
245
_a
अंकुर
250
_a
1
260
_b
आजरेकर गणेश
_c
1987
300
_a
114
630
_a
अंकुर
730
_a
अंकुर
942
_c
BOOK
999
_c
191353
_d
191353